00607nam a2200193 a 450000100060000000300090000600800410001502000150005604000280007108200180009910000180011724500900013526000450022530000150027049000460028565000310033165000230036265000280038511708CO-ViMGA141112s2004 ck r 000 u spa d a8480881860 aCO-ViMGAbspacCO-ViMGA04a658.3145 A7511 aRR. HH. AJ., 10aEl libro de las ideas para producir mejor, Enciclopedia de excelencia y calidad total aBarcelona, cEdiciones Gestión, c1997 a208 p. il. aAsociación Japonesa de Recursos Humanos14aADMINISTRACION DE PERSONAL14aRELACIONES HUMANAS14aSISTEMAS DE SUGERENCIAS